01526agaaa2200313 45000010005000000030009000050050017000140070009000310080040000400400023000800410013001031000051001161300024001672400027001912450115002182460020003332500022003532600119003753000034004945080053005285110073005815200292006545380016009465460013009626500056009757000053010317000063010847000065011473177IT-RoPAU20220918181223.0d cvaizq50131s9999||||xx ||| | || ||und|| aIT-RoPAUcIT-RoPAU aITALIANO aManchevski MilchogCodice regista SPICS: 44443 aPRIMA DELLA PIOGGIA aBEFORE THE RAINgT2907 aPRIMA DELLA PIOGGIAcDiretto da: Manchevski MilchopPRIMA DELLA PIOGGIA (Rif. Codice opera principale : D3177) aBEFORE THE RAIN aEdizione Standard aMILANO (ITALIA)bAUDIOVISIVI SAN PAOLO / Distribuzione: SAN PAOLOg"1995 (1° ed.: 1995 ; Ed. Lingua Orig.: 1995)" aVHSbsonoro, col.c120 minuti a"Fotografia: Teran Manuel; Musica: Anastasia ; " a"Cartlidge Katrin; Serbedzija Rade; Colin Gregoire; Mitevska Labina" aSILENZIO MONACALE OPPOSTO AL CREPITARE DELLE MITRAGLIATRICI. LA MACEDONIA ANTICA E RICCA DI STORIA CHE SI SCONTRA CON LA LONDRA MODERNA E CONSUMISTICA: UN FOTOGRAFO SPECCHIO E FILTRO DELLA REALTA' IN CONTRAPPOSIZIONE ALL'INESORABILE CRUDEZZA DELLA VITA. GUERRA. FILM DRAMMATICO A COLORI. aPAL, STEREO aITALIANO aDRAMMATICOeFILMS [VHS]xCodice MATERIA SPICS: 9960 aAnastasia e(musica)gCodice Musica SPICS: 43478 aManchevski Milcho e(regista)gCodice regista SPICS: 44443 aManchevski Milcho e(soggetto)gCodice Soggetto SPICS: 44443